000 00531nam a2200193Ia 4500
005 20250612143642.0
008 191130s2008##################000#0#eng##
020 _a978-0007291052
_qpbk
041 _aeng
082 _a823.92 FRA
100 _aFraser, George MacDonald
245 _aThe pyrates
_cGeorge Macdonald Fraser
250 _a1st ed
260 _aLondon
_bHarperCollins Publishers
_c2008
300 _a421 p. : ill. ; 21 cm
500 _aBibliography: p. 403-405
650 _aPirates - Fiction
942 _cENGLISH
999 _c295688
_d295688